[Event "Dortmund SuperGM 31st"]
[Site "Dortmund"]
[Date "2003.08.08"]
[Round "8"]
[White "Radjabov, Teimour"]
[Black "Naiditsch, Arkadij"]
[Result "1-0"]
[WhiteElo "2648"]
[BlackElo "2574"]
[Annotator "Finkel,A"]
[PlyCount "51"]
[EventDate "2003.07.31"]
[EventType "tourn"]
[EventRounds "10"]
[EventCountry "GER"]
[EventCategory "18"]
[SourceTitle "CBM 097"]
[Source "ChessBase"]
[SourceDate "2003.11.11"]
[SourceVersion "1"]
[SourceVersionDate "2003.11.11"]
[SourceQuality "1"]

1. d4 Nf6 2. Nf3 e6 3. Bg5 c5 4. e3 Be7 5. Nbd2 d5 6. c3 Nbd7 7. Bd3 b6 8. Ne5
Nxe5 9. dxe5 Nd7 10. Bxe7 Qxe7 11. f4 O-O $6 {This move was severely
criticized by all chess experts, but in my opinion it's just inaccuracy
passing an initiative into white's hands, while black's real mistake came on
the next move.} (11... f6 12. exf6 gxf6 (12... Nxf6 13. Nf3 O-O 14. O-O Bb7 15.
Qe1 Rad8 16. Qh4 g6 17. Ne5 Qg7 18. Rf3 d4 $13 {Kosic,D-Ivanovic,B/Podgorica
1996}) (12... Qxf6 13. O-O O-O (13... Bb7 14. Qa4 Qd8 15. Nf3 Qe7 16. Ne5 a6
17. Rf2 c4 18. Bc2 b5 19. Qa5 $14 {Moiseenko,A-Shurkaev,D/Kharkov 2000}) 14.
Nf3 Bb7 15. Qe2 e5 16. Bb5 Bc6 17. Bxc6 Qxc6 18. Nxe5 Nxe5 19. fxe5 Qe6 20. Qh5
g6 21. Qg5 Rfe8 {1/2-1/2 Kodinets,K-Berelovich,M/Moscow 1998/CBM 63 (21)}) 13.
e4 Bb7 14. Qh5+ Qf7 15. Qe2 O-O-O 16. O-O-O Kb8 17. Nf3 Rhe8 $13 {Webster,
A-Tiviakov,S/Oakham 1992}) (11... Bb7 12. Qe2 (12. O-O f5 13. exf6 gxf6 14. e4
O-O-O 15. Qe2 Qd6 16. Ba6 Nb8 17. Bxb7+ Kxb7 18. Rae1 $14 {Kosic,D-Shipov,S/
Athens 1997}) 12... a6 (12... f6 13. exf6 gxf6 14. e4 O-O-O 15. exd5 Bxd5 16.
Be4 Qd6 17. O-O $14 {Kasparov,G-De la Fuente Gonzalez,F/Galicia 1991}) 13. O-O
b5 14. Nf3 h6 15. Bc2 Nb6 16. a4 bxa4 17. Bxa4+ Nxa4 18. Rxa4 O-O $132 {
Kovacevic,S-Morovic Fernandez,I/Las Palmas 1995}) 12. Nf3 (12. Qh5 f5 13. g4
$36) 12... f5 $2 {This one is just a suicide. Black deprives himself all
counterchances giving up an idea to attack white's center.} (12... f6 $8 13.
Qc2 fxe5 14. Bxh7+ Kh8 15. g3 (15. Ng5 exf4 16. exf4 Rxf4 17. h4) (15. fxe5
Rxf3 16. gxf3 Qh4+) 15... exf4 16. exf4 e5 17. O-O-O $36) 13. Rg1 $1 $16 {
[%cal Gg2g4] From now on white just makes the most natural moves to crush
black in very nice fashion.} Kh8 14. g4 g6 15. h4 Bb7 16. h5 fxg4 17. Rxg4 (17.
hxg6 h5 18. Rh1 gxf3 19. Rxh5+ Kg8 20. Rh7 Qd8 21. Qxf3 $18) 17... g5 $5 {
Hoping for white's mistake. All the other moves aren't any better.} (17... gxh5
18. Rg5 Rf7 19. Rxh5 Nf8 20. Qd2 $18) 18. Nxg5 d4 19. exd4 cxd4 20. cxd4 $18 {
White had to calculate that after 20...Qb4+ his king escapes the checks to g3.}
h6 (20... Rxf4 21. Rxf4 Qxg5 22. Qg4 $18) (20... Qb4+ 21. Qd2 Qxd4 22. Nxe6 Qd5
23. Nxf8 Qh1+ 24. Bf1 Qe4+ 25. Qe2 Qb4+ 26. Kf2 Rxf8 27. Kg3 $18) 21. Ne4 {
Now it's all over.} Rg8 (21... Qb4+ 22. Qd2 Qxd4 23. f5 $1 {[%cal Gd2h6]} Rf7
24. Qxh6+ Rh7 25. Qxh7+ Kxh7 26. Ng5+ $18) 22. Nd6 Nf6 23. Rg6 Rxg6 24. hxg6
Nd5 25. Qh5 Kg7 26. f5 1-0

[Event "Dortmund SuperGM 31st"]
[Site "Dortmund"]
[Date "2003.08.09"]
[Round "9"]
[White "Bologan, Viktor"]
[Black "Radjabov, Teimour"]
[Result "1/2-1/2"]
[WhiteElo "2650"]
[BlackElo "2648"]
[Annotator "Erenburg,S"]
[PlyCount "73"]
[EventDate "2003.07.31"]
[EventType "tourn"]
[EventRounds "10"]
[EventCountry "GER"]
[EventCategory "18"]
[SourceTitle "CBM 097"]
[Source "ChessBase"]
[SourceDate "2003.11.11"]
[SourceVersion "1"]
[SourceVersionDate "2003.11.11"]
[SourceQuality "1"]

1. e4 c5 2. Nf3 Nc6 3. Nc3 e5 4. Bc4 Be7 5. d3 d6 6. O-O (6. Nd2 {[%cal Yd2f1,
Yf1e3] is another possibility to fight for the advantage.}) 6... Nf6 7. Ng5 {
attacking the f7 pawn and preparing the moving of "f" pawn.} O-O 8. f4 Bg4 {
Black has the following continuations:} (8... exf4 9. Bxf4 h6 (9... Na5 10. Qd2
Nxc4 11. dxc4 Bg4 12. Nf3 Re8 13. Qf2 Qb6 14. b3 Bh5 15. Rae1 Qc6 $11 {0-1
Topalov,V-Van Wely,L/GMA, Wijk aan Zee NED 2003 (37)}) 10. Nf3 Be6 11. Nd5 {
1-0 Macieja,B-Bobras,P/Warsaw 2002/CBM 89/[Postny] (46)}) (8... h6 9. Nh3 $5 {
1/2-1/2 Atlas,V-Nataf,I/Austria 2000/CBM 80/[Atlas,V] (43)} (9. Nf3 exf4 10.
Bxf4 Be6 11. Nd5 Bxd5 12. exd5 Na5 13. Nh4 b5 14. Nf5 bxc4 15. Bxh6 gxh6 16.
Nxh6+ Kh7 17. Nf5 cxd3 18. Qxd3 Kh8 19. Rae1 Qb6 20. Qh3+ Nh7 21. Rxe7 c4+ 22.
Kh1 Qxb2 23. Re4 Rg8 24. Qxh7+ {1-0 Sutovsky,E-Smirin,I/ch-ISR, Tel Aviv ISR
2002 (24)})) 9. Qe1 {White has tried also} (9. Nf3 exf4 10. Bxf4 Nd4 11. Kh1
Qd7 (11... a6 12. Qd2 b5 13. Bb3 Nxb3 14. axb3 d5 15. Ne5 dxe4 16. Nc6 Qd7 17.
Nxe7+ Qxe7 18. Bg5 e3 19. Qxe3 Qxe3 20. Bxe3 $14 {1-0 Anand,V-Van Wely,L/Amber
Blindfold, Monte Carlo MNC 2003 (39)}) 12. Qd2 Bxf3 13. gxf3 b5 14. Bb3 a5 15.
Nd5 $11 {1/2-1/2 Gelfand,B-Leko,P/It, Budapest HUN 2003 (29)}) (9. Qd2 h6 10.
Nf3 Bxf3 11. Rxf3 exf4 12. Qxf4 Ne5 13. Rf1 Nxc4 14. dxc4 Nd7 15. Qg3 Kh8 16.
Bf4 $14 {1/2-1/2 Smirin,I-Kosteniuk,A/31st World Open, Philadelphia USA 2003 
(36)}) 9... exf4 10. Bxf4 Nd4 11. Qd2 {Interesting alternative to the move in
the game is} (11. e5 $5 dxe5 12. Bxe5 Bh5 13. Qd2 Nc6 14. Bxf6 Bxf6 15. Nge4
Bd4+ 16. Kh1 Ne5 $15 {0-1 Shirov,A-Leko,P/Amber Blindfold, Monte Carlo MNC
2003 (37)}) 11... Qd7 12. Be3 {Other options white has are:} (12. h3 Bh5 13. g4
Bg6 14. Nd5 b5 15. Bb3 Bd8 16. Rae1 Nxb3 17. axb3 Nxd5 18. exd5 Bf6 $15 {
1/2-1/2 Ponomariov,R-Radjabov,T/XX SuperGM, Linares ESP 2003 (41)}) (12. a4 h6
13. Nf3 Nxf3+ 14. gxf3 Be6 15. Kh1 Kh7 16. Bb5 Qd8 17. d4 cxd4 18. Ne2 Nh5 19.
Bg3 Nxg3+ 20. hxg3 Bg5 {1/2-1/2 Kramnik,V-Grischuk,A/GMA, Wijk aan Zee NED
2003 (20)}) 12... h6 ({After} 12... a6 {black got a quick draw:} 13. Bxd4 cxd4
14. Ne2 h6 15. Nf3 d5 16. exd5 Bxf3 17. Rxf3 Nxd5 18. Nxd4 {1/2-1/2 Nisipeanu,
L-Van Wely,L/4th IECC, Istanbul TUR 2003 (18)}) 13. Nf3 Nxf3+ 14. gxf3 Be6 15.
Kh1 {[%cal Ge3h6]} Kh7 {parrying the threat of Bxf6.} ({Too dangerous is} 15...
d5 $2 16. exd5 Nxd5 17. Bxd5 (17. Nxd5 Bxd5 18. Bxd5 Qxd5 19. Bxh6 gxh6 20.
Qxh6 Bg5 $17) 17... Bxd5 18. Bxh6 Bf6 (18... gxh6 19. Qxh6 $18 {[%cal Gf1g1]})
19. Qg2 Bc6 20. Ne4 $1 (20. Rg1 Kh7 $13) 20... Bxe4 21. fxe4 Bxb2 22. Rab1 $14
{[%cal Gf1g1]}) 16. Bxe6 (16. Rg1 {is already met by} d5 $1) 16... fxe6 $146 (
16... Qxe6 17. Rae1 Qh3 18. Qg2 Qxg2+ 19. Kxg2 a6 20. f4 $14 {1-0 Kramnik,
V-Degraeve,J/Final Coupe de France, Senat FRA 2003 (30)}) 17. Qg2 Rf7 {White
got the open file "g", which he is going to occupy with his heavy pieces. On
the other hand, black's position is solid without weaknesses and with strong
pawns in the center. So I would evaluate this position as an approximately
equal.} 18. Rg1 Raf8 19. Ne2 $1 {transfering the knight to f4.} d5 $2 (19... e5
20. f4 $14) ({Better was} 19... Ne8 $1 $11 {[%csl Yf4][%cal Gf7f3] preventing
Nf4.}) 20. Nf4 $16 {[%cal Yf4g6,Yg6e5] Now black doesn't succeed to save the
material balance.} g5 (20... d4 21. Bd2 g5 22. Ng6) {[%tqu "En","Please enter
the best move for white.","","","f4g6","",10]} 21. Ng6 $1 {[%cal Gg6f8,Gg6e5]
[%mdl 64] This key move should have been seen by black, before he was playing
19...d5.} ({Nothing gives} 21. Ne2 e5 22. h4 gxh4 23. Qg6+ Kh8 {[%cal Gf7h7]})
21... Nh5 $1 (21... Kxg6 22. Bxg5 Kh7 23. Bxf6 {[%cal Gg2g6] with mate.}) 22.
Nxf8+ Rxf8 23. Qh3 Kg6 {Black saves his knight, as it his the only chance to
get compensation.} (23... Nf4 24. Bxf4 Rxf4 25. Rg4 $16) 24. Raf1 $2 {White
should prevent the occupation of f4 square by the black's light pieces with} (
24. Qg4 $1 d4 25. Bd2 $18 {[%cal Gh2h4]} Bd6 $140 26. Bxg5) 24... d4 25. Bd2
Bd6 26. Rg4 Bf4 $1 {White is exchange up , but the position is not so clear.
Black is going to occupy the f4 square with the knight, and it will not be
easy to win this close position for white.} 27. Bxf4 (27. Be1 Be3) 27... Nxf4
28. Qg3 e5 $44 29. h4 Qe6 30. b3 (30. hxg5 {is always met by} h5 $1) 30... b5 {
Sometimes black will have option of getting the counterplay on the queenside
by the breakthrough c5-c4.} 31. a3 Rh8 32. Qh2 Rf8 33. Qg3 (33. hxg5 h5 (33...
hxg5 34. Rfg1)) 33... Rh8 34. Rxf4 $6 {In my opinion, white hurried with the
capture on f4. This sacrifise he can do in any moment in the future. Better was
} (34. a4 $5 b4 (34... bxa4 35. bxa4 c4 36. Rb1 $16 {[%cal Gg4g5]}) (34... bxa4
35. bxa4 Rb8 36. hxg5 h5 37. Rxf4 exf4 38. Qxf4 $18) (34... c4 35. axb5 cxd3
36. cxd3 Rc8 37. Ra1 $18) 35. Rf2 {[%cal Gf2h2,Yh4g5]} Rf8 $1 36. Rh2 Qe7 37.
Qg1 Qe6 38. hxg5 h5 {and this position is extremely hard for realization.}) ({
After} 34. Rf2 {black gets a dangerous initiative on the queenside:} c4 35.
bxc4 bxc4 36. Rh2 Rb8 37. Qg1 cxd3 38. hxg5 h5 39. Rxf4 exf4 40. cxd3 Qb3 $15)
34... exf4 35. Qh2 $1 {prevenitng the transfer of the black monarch to f7.} (
35. Qg2 Kf7 $1 $15) 35... c4 (35... Kf7 $2 36. hxg5 $1 Kg7 $140 37. Rg1 $16)
36. Rg1 Rc8 37. bxc4 {Here the sides agreed for a draw. The following
variations give a notion about the struggle, which could be continued:} (37.
bxc4 bxc4 38. dxc4 (38. hxg5 hxg5 39. Qh4 Qe5 $1 {[%cal Gc8h8]}) 38... Rxc4 39.
Rg2 Rc3 40. hxg5 hxg5 41. Qh8 Rxf3 (41... Re3 42. Rh2 Re1+ 43. Kg2 Re2+ 44. Kh1
Rxh2+ 45. Kxh2 $11) 42. Rh2 Rf1+ 43. Kg2 Qg4+ 44. Kxf1 Qd1+ 45. Kf2 Qd2+ 46.
Kf3 Qe3+ 47. Kg2 Qe2+ $11) (37. Qxf4 $2 Qh3+) 1/2-1/2

[Event "Dortmund SuperGM 31st"]
[Site "Dortmund"]
[Date "2003.08.10"]
[Round "10"]
[White "Radjabov, Teimour"]
[Black "Anand, Viswanathan"]
[Result "1/2-1/2"]
[WhiteElo "2648"]
[BlackElo "2774"]
[PlyCount "26"]
[EventDate "2003.07.31"]
[EventType "tourn"]
[EventRounds "10"]
[EventCountry "GER"]
[EventCategory "18"]
[SourceTitle "CBM 097"]
[Source "ChessBase"]
[SourceDate "2003.11.11"]
[SourceVersion "1"]
[SourceVersionDate "2003.11.11"]
[SourceQuality "1"]

1. d4 Nf6 2. c4 e6 3. Nf3 Bb4+ 4. Nbd2 b6 5. a3 Bxd2+ 6. Bxd2 h6 7. Bf4 Bb7 8.
e3 Nh5 9. Bg3 Nxg3 10. hxg3 d6 11. Qc2 Nd7 12. Bd3 c5 13. Be4 Bxe4 1/2-1/2

[Event "EU-chT (Men) 14th"]
[Site "Plovdiv"]
[Date "2003.10.11"]
[Round "1.1"]
[White "Shaw, John"]
[Black "Radjabov, Teimour"]
[Result "0-1"]
[WhiteElo "2465"]
[BlackElo "2650"]
[Annotator "Erenburg,S"]
[PlyCount "66"]
[EventDate "2003.10.10"]
[EventType "team-swiss"]
[EventRounds "9"]
[EventCountry "BUL"]
[SourceTitle "CBM 098"]
[Source "ChessBase"]
[SourceDate "2004.02.03"]
[SourceVersion "1"]
[SourceVersionDate "2004.02.03"]
[SourceQuality "1"]
[WhiteTeam "Scotland"]
[BlackTeam "Azerbaijan"]
[WhiteTeamCountry "SCO"]
[BlackTeamCountry "AZE"]

1. e4 g6 2. d4 Bg7 3. Nc3 d6 4. Be3 a6 5. Qd2 Nd7 6. h4 {White is going to
push forward his "h" pawn, thus, to make black's kingside vulnerable. There
are some other continuations:} (6. O-O-O {1/2-1/2 Vovsha,E-Ibragimov,I/Linares
2001/CBM 81/[Finkel,A] (33)}) (6. a4 {0-1 Gallagher,J-Ponomariov,R/Biel 2000/
CBM 79/[Finkel,A] (38)}) (6. h3 {1/2-1/2 Borgo,G-Ovsejevitsch,S/Budapest 1999/
CBM 73/[Finkel,A] (42)}) (6. Nf3 b5 7. a4 b4 8. Nd5 Ngf6 9. Qxb4 Nxe4 10. Qa5
Ra7 11. Nb4 Bb7 12. Bb5 Ra8 {1/2-1/2 Barczay,L-Davies,N/Noviki-B 1987}) 6... h5
{The most logical reaction on previous white's move. Black has tried also} (
6... Ngf6 {1-0 Magem Badals,J-San Segundo Carrillo,P/Pamplona 1997/CBM 63/
[Yudasin,L] (30)}) (6... h6 7. O-O-O b5 8. h5 g5 9. f4 $1 gxf4 10. Bxf4 Bb7 11.
Nf3 b4 (11... c5 $5) 12. Nd5 a5 13. Bd3 Bxd5 14. exd5 Ngf6 15. Nh4 $1 Nxd5 16.
Nf5 $16 {1-0 Miladinovic,I-Polzin,R/32nd TCh-GRE, Kallithea Chalkidiki GRE
2003 (28)}) 7. Nh3 {This move is going to emphasize the drawbacks of black's
h7-h5. White's knight is going to occupy an excelent square g5, from where it
creates some unpleasant pressure on black monarch's position. There is an
option of immediate long castle:} (7. O-O-O b5 8. f3 Bb7 9. Nh3 Rc8 (9... c5
10. dxc5 dxc5 11. Nd5 Bxd5 12. exd5 Ngf6 13. Nf4 Rc8 14. Kb1 $6 (14. g3 $5 {
[%cal Yf1h3]}) 14... Nb6 15. Bd3 $6 (15. g3 $5) 15... O-O 16. Qf2 Qd6 $15 {
0-1 Maryasin,B-Tseitlin,M/Tel Aviv 2001/CBM 81 ext (32)}) (9... c6 10. Ne2 Ngf6
11. Ng5 Nh7 12. Nxh7 Rxh7 13. Nf4 Qc7 14. Kb1 Nb6 15. Nh3 Rh8 16. Ng5 Rf8 17.
g4 hxg4 18. fxg4 O-O-O 19. h5 gxh5 {Aldama,D-Nogueiras,J/CUB-ch Colon/1993/}
20. gxh5 $14 {[%csl Gh5]}) 10. Kb1 {1/2-1/2 Ivanov,T-Cherniaev,A/RUS 1995/CBM
48/[Stohl] (45)}) 7... b5 {preparing to fianchette his light-squared bishop,
and, at the same time, to create counterplay on the queenside.} 8. Nd1 $6 $146
{Dubious novelty. I don't think this novelty is a successful one. Why should
white to move away his knight, till black didn't attack it? In the previous
games white continued} (8. Ng5 Bb7 (8... Nh6 9. f3 c5 10. Rd1 Bb7 11. dxc5 dxc5
12. Be2 Bc6 13. O-O Qa5 14. Nd5 Qxd2 15. Rxd2 Rc8 $6 (15... Bxd5 $5) 16. c3 $16
{1-0 Nedev,T-Zaichik,G/Yerevan 1996/EXT 97 (44)}) 9. a4 {0-1 Sokolov,I-Hillarp
Persson,T/Koge 1997/EXT 2000/[Hansen,LB] (33)}) (8. a4 b4 9. Nd1 Rb8 10. Ng5 e6
11. a5 Qe7 12. Bc4 Ngf6 13. f3 O-O 14. Nf2 Bb7 15. O-O c5 16. dxc5 Nxc5 17. Nd3
Nfd7 $11 {1/2-1/2 Pridorozhni,A-Inarkiev,E/Krasnodar 2002/CBM 91 (69)}) 8... e5
{getting a counterplay in the centre.} ({Deserved attention:} 8... Ngf6 9. Ng5
Ng4 10. a4 Nxe3 11. Nxe3 Rb8 $11 (11... c5 $5)) 9. a4 Ngf6 10. Ng5 ({Probably
it isn't good idea to give up on the central pawn:} 10. axb5 Nxe4 11. Qd3 d5 (
11... Qxh4 $5) 12. bxa6 O-O $44) 10... exd4 11. Bxd4 Rb8 12. axb5 axb5 13. Nc3
{All white's opening strategy is connected with the attack on the black's b5
pawn. In my opinion, it shouldn't bring him good results, as he didn't
complete the development yet...} (13. Qa5 {doesn't promise anything:} Bb7 14.
Qxb5 (14. Bxb5 Ra8) 14... Bxe4 15. Bxf6 Bxf6 16. Qe2 Bxg5 17. Qxe4+ Be7 18. Bc4
$11) 13... O-O {Black feels, that he can sacrifice the "b" pawn and get
sufficient compensation, thanks to a development advantage.} ({While} 13... b4
{comes to consideration:} 14. Nb5 (14. Nd5 O-O 15. Bc4 c5) 14... O-O 15. Ra7
Bb7 $13) 14. Bxb5 ({It seems dangerous, but interesting to take the pawn by
knight:} 14. Nxb5 Bb7 15. f3 (15. Nc3 Qe7 16. Bd3 d5 17. O-O dxe4 18. Rfe1 c5
19. Bxf6 Nxf6 $11) 15... d5 16. e5 Re8 17. f4 c5 $13) 14... c5 {Black drives
away white's dark-squared bishop from a long diagonal, thus, increases the
possibilities of his fianchetted one.} 15. Be3 $2 ({Probably it was better to
give up on a pair of bishops, but to complete the development.} 15. Bxf6 Bxf6 (
15... Nxf6 16. O-O Ng4 17. Qe2) (15... Qxf6 16. O-O) 16. Bxd7 Bxd7 17. Ra2 Be6
18. b3 $11) 15... Ng4 {Black continues to develop the initiative. Now white is
facing many threats...} 16. Bf4 $2 {sacrificing a knight. Better was} (16. Bxd7
Qxd7 $1 (16... Bxd7 17. Bf4 Rxb2 18. Bxd6 Re8 19. O-O $11) (16... Nxe3 $2 17.
Bxc8 Nc4 18. Qe2 Nxb2 19. Nd5 Rxc8 20. O-O $16) 17. b3 (17. Bf4 Rxb2) 17...
Nxe3 18. Qxe3 Qg4 (18... Bd4 19. Qd3 f5 $1 {[%cal Gd7g7]} 20. Nf3 Bxc3+ (20...
fxe4 21. Qc4+ Qf7 22. Nxd4 Qxc4 23. bxc4 cxd4 24. Nxe4 Re8 25. f3 $11) 21. Qxc3
fxe4 22. Ng5) 19. O-O Qxh4 $15) 16... Bxc3 17. Qxc3 Rxb5 18. Bxd6 Re8 $17 {
Now black is a piece up only for two pawns. White cannot compensate a material
disadvantage, as it is difficult to use the absence of black's dark-squared
bishop. Therefore, black has quite an obvious advantage.} 19. f3 Nh6 20. O-O-O
{looks dangerous. But after} (20. O-O Qb6 21. Bf4 f6 (21... Rxb2 $2 22. Nh3 $1
Qf6 23. Qxf6 Nxf6 24. Bxh6 $15) 22. Nh3 Nf7 23. b3 Nde5 24. Nf2 Be6 $17 {
white's chances aren't high as well...}) 20... Qa5 {Quite logical to trade the
queens with development advantage.} 21. Qxa5 Rxa5 22. Kb1 ({In my opinion,
white had more chances after} 22. b4 cxb4 23. Bxb4 Ra6 (23... Ra2 24. Bc3 f6
25. Rd6 $1 Nf7 26. Nxf7 Kxf7 27. Rhd1 $17) 24. Bc3 f6 25. Nh3 Ne5 26. Nf4 Kf7
27. Nd5 $17) 22... f6 23. Nh3 Nf7 {getting the knight into the game.} 24. Bg3 (
24. Nf4 Nxd6 25. Rxd6 Kf7 26. Rhd1 Ne5 27. b3 $17) 24... Nde5 25. Nf4 Bb7 $19 {
After black succeeds to activate all his pieces, white is hopeless...} 26. Be1
(26. b3 c4 $19) 26... Ra6 27. Bc3 Rea8 28. b3 c4 {Black weakens the position
of white monarch, that promises him a decisive advantage.} 29. bxc4 Rc8 30. Rd4
Kg7 {defending the g6 pawn.} 31. Rhd1 Nxc4 32. Rd7 (32. Kc1 {doesn't change
anything:} Na3 33. Kd2 Ne5 $19) 32... Na3+ 33. Kb2 (33. Ka2 Nb5+ $19) 33...
Rb6+ {winning a bishop.} 0-1

[Event "EU-chT (Men) 14th"]
[Site "Plovdiv"]
[Date "2003.10.17"]
[Round "6.1"]
[White "Radjabov, Teimour"]
[Black "Svidler, Peter"]
[Result "1/2-1/2"]
[WhiteElo "2650"]
[BlackElo "2723"]
[Annotator "Krasenkow,M"]
[PlyCount "75"]
[EventDate "2003.10.10"]
[EventType "team-swiss"]
[EventRounds "9"]
[EventCountry "BUL"]
[SourceTitle "CBM 098"]
[Source "ChessBase"]
[SourceDate "2004.02.03"]
[SourceVersion "1"]
[SourceVersionDate "2004.02.03"]
[SourceQuality "1"]
[WhiteTeam "Azerbaijan"]
[BlackTeam "Russia"]
[WhiteTeamCountry "AZE"]
[BlackTeamCountry "RUS"]

1. d4 Nf6 2. c4 g6 3. Nc3 d5 4. cxd5 Nxd5 5. e4 Nxc3 6. bxc3 Bg7 7. Bc4 c5 8.
Ne2 Nc6 9. Be3 cxd4 10. cxd4 Qa5+ 11. Bd2 Qd8 12. Bc3 O-O 13. Qd2 $5 $146 {
[%mdl 8] A new, quite interesting plan.} (13. O-O {-see Korobov-Avrukh in
CBM96.}) 13... Bd7 14. h4 Rc8 15. Bb3 h5 16. f3 $6 {This move proves useless.}
(16. Rd1 $142 e6 $140 17. g4 $5) 16... e6 17. Rd1 Qe7 18. f4 (18. g4 $6 hxg4
19. fxg4 e5 20. h5 exd4) 18... Rfd8 19. e5 b5 20. f5 $6 {An interesting but
risky idea of seizing the initiative.} exf5 21. Nf4 {[%csl Gd4,Ge5] Still,
these pawns can't move forward and White doesn't obtain a sufficient
compensation for the pawn.} Kh7 22. O-O b4 23. Bb2 Na5 24. Qf2 Bb5 25. Rfe1 Bc4
26. Ba4 Qb7 $1 (26... Bxa2 27. d5 $44) 27. e6 $5 fxe6 28. Nxe6 Bxe6 29. Rxe6
Nc4 30. Ba1 Rd6 (30... Qd5 $143 31. Re7) 31. Qe2 Rxe6 $2 {Black starts a
tactical operation, which is only enough for a draw, missing a strong
possibility} (31... Qa6 $1 $17 32. Bd7 $140 Rc7) 32. Qxe6 Qe4 33. Qxc8 Ne3 34.
Bc6 Qxh4 (34... Qc2 35. Re1 Qd2 36. Rb1 $11) 35. Rc1 Ng4 36. Bf3 Qf2+ 37. Kh1
Qh4+ 38. Kg1 1/2-1/2

[Event "Corsica Masters rap 07th"]
[Site "Bastia"]
[Date "2003.11.01"]
[Round "1.3"]
[White "Radjabov, Teimour"]
[Black "Grischuk, Alexander"]
[Result "1/2-1/2"]
[WhiteElo "2650"]
[BlackElo "2732"]
[Annotator "Finkel,A"]
[PlyCount "79"]
[EventDate "2003.11.01"]
[EventType "k.o. (rapid)"]
[EventRounds "4"]
[EventCountry "FRA"]
[SourceTitle "CBM 098"]
[Source "ChessBase"]
[SourceDate "2004.02.03"]
[SourceVersion "1"]
[SourceVersionDate "2004.02.03"]
[SourceQuality "1"]

1. d4 Nf6 2. Bg5 c5 3. d5 Ne4 4. Bf4 Qb6 5. Bc1 g6 6. f3 Nf6 (6... Nd6 7. e4
Bg7 8. c3 O-O 9. Na3 f5 $5 10. exf5 Nxf5 11. Qb3 Qf6 $132 {Miltner,A-Lanka,Z/
BL9697}) 7. e4 d6 8. c4 Bg7 9. Nc3 O-O 10. Bd3 (10. Nge2 e6 11. Nf4 (11. Ng3
exd5 12. cxd5 $5 Nbd7 13. Be2 h5 14. a4 a6 15. a5 Qc7 16. O-O Re8 17. Rf2 Rb8
$132 {Hodgson,J-Gallagher,J/Bern Cup 1996}) 11... exd5 12. exd5 Nbd7 13. Be2
Ne5 14. O-O Bd7 15. a4 $5 a6 $13 {Rabinovich-Yudasin,Tel-Aviv,2000}) 10... e6 (
10... a6 11. Nge2 Qc7 12. a4 e5 13. O-O Ne8 14. f4 exf4 15. Bxf4 Nd7 16. Ng3
Ne5 17. Be2 $14 {Kohout,V-Jelinek,M/CZE-chT1b 9697}) 11. Nge2 $6 {After this
move white doesn't have any opening advantage since the knight i misplaced on
e2 no matter with what pawn white takes on d5.} (11. dxe6 fxe6 12. Nge2 Nc6 13.
Rb1 a6 14. Be3 Qc7 15. O-O b6 16. Kh1 Bb7 17. a3 Ne5 18. Nf4 $14 {Vatter,
H-Lingnau,C/Germany 1993}) 11... exd5 (11... Nbd7 12. f4 e5 13. f5 gxf5 14. Ng3
fxe4 15. Bc2 Qb4 16. Bb3 b5 17. Nf5 bxc4 18. Bc2 $40 {Pixton,A-Yudasin,L/
Kerhonkson 2002}) 12. exd5 (12. cxd5 $6 {[%csl Re2]}) 12... Nbd7 13. f4 Ne8 14.
O-O f5 15. Kh1 Ndf6 16. Ng1 Bd7 17. Nf3 Nc7 18. Qc2 (18. a4 a5 19. Bd2 Rae8 20.
Qc2 Na8 (20... Qa7 21. Nb5) 21. Rae1 Qd8 {[%cal Gb7b6]} 22. Nb5 Bxb5 23. axb5
b6 24. g3 $14) 18... Rae8 19. h3 (19. Bd2 Ng4 20. Nd1 h6 21. h3 Nf6 22. Nc3 Re7
$11) 19... Re7 20. Bd2 Ne4 21. Be1 Bxc3 $1 {[%csl Rg3]} 22. bxc3 Ne8 23. Bh4
N8f6 24. Kh2 Qa5 25. Rac1 Kg7 26. Rfe1 (26. Ng5 Ree8) 26... Ree8 27. Qb2 Qc7
28. Re3 h6 29. Rce1 b6 30. Kg1 Qc8 31. Qc2 (31. Bxe4 Nxe4 32. Nd2 Nf6 (32...
Nxd2 33. Qxd2 Rxe3 34. Rxe3 $14 {[%cal Gh4e7]})) 31... Qb8 32. Qb2 Qc8 33. Qb3
Qb8 34. Qc2 Qc8 35. Bxe4 Nxe4 36. Nd2 Nf6 37. Re7+ Rxe7 38. Rxe7+ Rf7 39. Re1
Qf8 40. Qd3 1/2-1/2